[Event "Bosnjaci op 28th"]
[Site "Bosnjaci"]
[Date "2024.01.03"]
[Round "1"]
[White "Culum, Sanjin"]
[Black "Vasilijevic, Vili"]
[Result "1-0"]
[WhiteElo "2349"]
[BlackElo "1821"]
[PlyCount "71"]
[EventDate "2024.01.03"]
[EventType "swiss"]
[EventRounds "9"]
[EventCountry "CRO"]
[SourceTitle "CB02_2024"]
[SourceDate "2024.01.10"]
[SourceVersion "1"]
[SourceVersionDate "2024.01.10"]
[SourceQuality "1"]

1. d4 Nf6 2. Nf3 d5 3. g3 e6 4. Bg2 Be7 5. 0-0 0-0 6. c4 dxc4 7. Qc2 a6 8. a4 Nbd7 9. Nbd2 c5 10. Nxc4 Nd5 11. e4 Nb4 12. Qe2 cxd4 13. Nxd4 Qc7 14. Rd1 e5 15. Nf5 Nc5 16. Nxe7+ Qxe7 17. Be3 Be6 18. Nb6 Rad8 19. Nd5 Bxd5 20. exd5 Qd6 21. Qc4 Nd7 22. Rac1 a5 23. Qc7 Qxc7 24. Rxc7 b6 25. d6 Na6 26. Rb7 Nac5 27. Bxc5 bxc5 28. Rb5 f5 29. Bd5+ Kh8 30. Be6 Nb8 31. Rxc5 Rf6 32. Bb3 g6 33. Rxe5 Nc6 34. Re6 Rxe6 35. Bxe6 Kg7 36. Bc4 1-0

[Event "CRO-ch U13"]
[Site "Trogir"]
[Date "2019.06.21"]
[Round "7"]
[White "Vasilijevic, Vili"]
[Black "Franc, Borna"]
[Result "0-1"]
[WhiteElo "1554"]
[BlackElo "1854"]
[PlyCount "54"]
[EventDate "2019.06.17"]
[EventType "swiss"]
[EventRounds "9"]
[EventCountry "CRO"]
[SourceTitle "EXT 2020"]
[Source "ChessBase"]
[SourceDate "2019.10.17"]
[SourceVersion "1"]
[SourceVersionDate "2019.10.17"]
[SourceQuality "1"]

1. e4 e5 2. Nf3 Nc6 3. c3 d5 4. Qa4 Qd6 5. d4 exd4 6. Nxd4 Be6 7. Nxc6 bxc6 8. Bf4 Qd7 9. Nd2 Bc5 10. Nb3 Bb6 11. Rd1 Nf6 12. e5 Ne4 13. Nd4 0-0 14. f3 Nc5 15. Qxc6 Qe7 16. b4 Nd7 17. Bg3 a5 18. Qb5 Bxd4 19. Rxd4 axb4 20. cxb4 Rxa2 21. Be2 Rb8 22. Qc6 Rxb4 23. Rxb4 Qxb4+ 24. Kf2 Qd4+ 25. Kf1 Qd2 26. Qb5 Ra1+ 27. Kf2 Qd4# 0-1

[Event "CRO-ch U13"]
[Site "Trogir"]
[Date "2019.06.19"]
[Round "5"]
[White "Begic, Domagoj"]
[Black "Vasilijevic, Vili"]
[Result "0-1"]
[WhiteElo "1617"]
[BlackElo "1554"]
[PlyCount "66"]
[EventDate "2019.06.17"]
[EventType "swiss"]
[EventRounds "9"]
[EventCountry "CRO"]
[SourceTitle "EXT 2020"]
[Source "ChessBase"]
[SourceDate "2019.10.17"]
[SourceVersion "1"]
[SourceVersionDate "2019.10.17"]
[SourceQuality "1"]

1. c4 c5 2. Nc3 Nc6 3. g3 d6 4. Bg2 Nf6 5. Nf3 g6 6. b3 Bg7 7. Bb2 0-0 8. 0-0 a6 9. d4 cxd4 10. Nxd4 Bd7 11. e3 Rc8 12. Qd2 Nxd4 13. exd4 Bc6 14. d5 Bd7 15. Ne4 Nxe4 16. Bxe4 Bxb2 17. Qxb2 f5 18. Bd3 f4 19. f3 e5 20. dxe6 Bxe6 21. Kg2 d5 22. Rad1 Qd7 23. Rfe1 Bh3+ 24. Kf2 fxg3+ 25. hxg3 Qg4 26. f4 Rxf4+ 27. gxf4 Qg2+ 28. Ke3 Qxb2 29. cxd5 Re8+ 30. Be4 Bg2 31. Kd3 Bxe4+ 32. Rxe4 Rxe4 33. Kxe4 Qe2+ 0-1

[Event "EU-ch U10 27th"]
[Site "Mamaia"]
[Date "2017.09.07"]
[Round "3"]
[White "Nastore, Pavel Alexandru"]
[Black "Vasilijevic, Vili"]
[Result "1-0"]
[WhiteElo "1714"]
[BlackElo "1476"]
[PlyCount "79"]
[EventDate "2017.09.05"]
[EventType "swiss"]
[EventRounds "9"]
[EventCountry "ROU"]
[SourceTitle "CBM 180 Extra"]
[Source "ChessBase"]
[SourceDate "2017.10.06"]
[SourceVersion "1"]
[SourceVersionDate "2017.10.06"]
[SourceQuality "1"]

1. e4 e5 2. Nf3 Nc6 3. Bb5 a6 4. Ba4 Nf6 5. 0-0 Be7 6. Re1 d6 7. c3 0-0 8. h3 b5 9. Bc2 Re8 10. a4 Bb7 11. d4 exd4 12. cxd4 Nb4 13. Nc3 Nxc2 14. Qxc2 b4 15. Nd1 c5 16. d5 a5 17. Ne3 Qc7 18. Nf5 Bd8 19. Bf4 Be7 20. Nd2 Ba6 21. Nc4 Bxc4 22. Qxc4 h6 23. Rad1 Qd7 24. b3 Ra7 25. Bc1 Nh7 26. Nxe7+ Qxe7 27. f4 Qd7 28. e5 Nf8 29. e6 Qc7 30. f5 f6 31. Rd3 Re7 32. Rg3 Kh8 33. Qh4 Kh7 34. Re4 Rb7 35. Qh5 Ra7 36. Rh4 Kh8 37. Bxh6 Nh7 38. Bxg7+ Rxg7 39. Qe8+ Rg8 40. Rxg8# 1-0

[Event "CRO-ch U11"]
[Site "Trogir"]
[Date "2017.06.21"]
[Round "8"]
[White "Vasilijevic, Vili"]
[Black "Baturina, Marin"]
[Result "1-0"]
[WhiteElo "1354"]
[BlackElo "1460"]
[PlyCount "75"]
[EventDate "2017.06.17"]
[EventType "swiss"]
[EventRounds "9"]
[EventCountry "CRO"]
[SourceTitle "CBM 179 Extra"]
[Source "ChessBase"]
[SourceDate "2017.08.23"]
[SourceVersion "1"]
[SourceVersionDate "2017.08.23"]
[SourceQuality "1"]

1. e4 c5 2. Nf3 d6 3. d4 cxd4 4. Nxd4 Nf6 5. f3 a6 6. c4 g6 7. Nc3 Bg7 8. Be3 0-0 9. Be2 Nbd7 10. 0-0 Nb6 11. Rc1 e6 12. Qd2 d5 13. cxd5 exd5 14. exd5 Nbxd5 15. Bf2 Nxc3 16. Qxc3 Bd7 17. Qd2 Be6 18. Rfd1 Qe7 19. Nxe6 Qxe6 20. Bc4 Qe5 21. Re1 Rad8 22. Qc2 Qa5 23. Re7 Qb4 24. Re2 Rc8 25. Be1 Qc5+ 26. Kh1 Qd4 27. Qb3 Qd7 28. Rec2 Rcd8 29. Rd2 Qc7 30. Rxd8 Qxd8 31. Bb4 Bh6 32. Rd1 Qe8 33. Bxf8 Bxf8 34. Qb6 Bg7 35. Rd8 Qxd8 36. Qxd8+ Bf8 37. Qxf6 Bg7 38. Qxf7+ 1-0

[Event "CRO-ch U09"]
[Site "Trogir"]
[Date "2016.06.26"]
[Round "9"]
[White "Vasilijevic, Vili"]
[Black "Lesic, Damir"]
[Result "0-1"]
[WhiteElo "1232"]
[BlackElo "1256"]
[PlyCount "122"]
[EventDate "2016.06.21"]
[EventType "swiss"]
[EventRounds "9"]
[EventCountry "CRO"]
[SourceTitle "EXT 2017"]
[Source "ChessBase"]
[SourceDate "2016.10.25"]
[SourceVersion "1"]
[SourceVersionDate "2016.10.25"]
[SourceQuality "1"]

1. e4 e5 2. Nf3 Nf6 3. Nc3 Nc6 4. Bc4 Nxe4 5. Nxe4 d5 6. Bxd5 Qxd5 7. Nc3 Qd6 8. h3 Be7 9. 0-0 0-0 10. d3 h6 11. Re1 Re8 12. Bd2 a6 13. a3 b6 14. Qe2 Nd4 15. Nxd4 exd4 16. Ne4 Qg6 17. Qf3 Rb8 18. Qg3 Qxg3 19. Nxg3 Be6 20. Bf4 Rbc8 21. Ne4 f5 22. Ng3 Bd7 23. Re2 Kf7 24. Rae1 g5 25. Bd2 Bd6 26. Rxe8 Rxe8 27. Rxe8 Kxe8 28. Ne2 c5 29. b4 Kf7 30. bxc5 bxc5 31. Ba5 Ke6 32. Nc1 Kd5 33. Nb3 Ba4 34. Kf1 c4 35. dxc4+ Kxc4 36. Na1 Bxa3 37. Ke2 Bb2 38. Nb3 Bxb3 39. cxb3+ Kxb3 40. Kd3 Ka4 41. Bb6 Kb4 42. Bxd4 Bxd4 43. Kxd4 a5 44. Kd3 Kb3 45. Kd2 Kb2 46. Kd3 a4 47. f4 a3 48. fxg5 hxg5 49. h4 gxh4 50. Kd2 a2 51. g3 hxg3 52. Kd3 a1Q 53. Kd2 Qc1+ 54. Kd3 Qc3+ 55. Ke2 g2 56. Kf2 f4 57. Ke2 f3+ 58. Kf2 Qd2+ 59. Kg1 f2+ 60. Kh2 g1R 61. Kh3 Qh6# 0-1